| 000 | 01095nam a2200229 i 4500 | ||
|---|---|---|---|
| 001 | 156324 | ||
| 003 | ES-MaACL | ||
| 005 | 20230906210400.0 | ||
| 008 | 950323m18451848sp |||| | spa d | ||
| 040 |
_aEUS _bspa _cEUS |
||
| 080 | _a271.5:239 | ||
| 245 | 0 | 4 |
_aLos jesuitas o Análisis documentado de la Compañía de Jesús por las autoridades más competentes _b: desde su fundación en el año 1540. |
| 260 |
_aMadrid : _bSociedad Literaria, _c1845-1848 ( _fImprenta de D. W. Ayguals de Izco) |
||
| 300 |
_a6 v. en 3 t. ; _c13 cm. |
||
| 490 | 1 |
_aEl Novelista Universal : colección de las novelas de los más célebres escritores de Europa ; _v35-40 |
|
| 530 | _aDisponible en formato digital. | ||
| 610 | 2 | 4 |
_aJesuitas- _vObras de controversia. _9151987 |
| 830 | 0 |
_aEl Novelista Universal : colección de las novelas de los más célebres escritores de Europa ; _v35-40 _9221657 |
|
| 852 |
_aES-MaACL _jG-872-74 _z-- Enc. hol. _z-- Legado de M. de la Fuente |
||
| 856 |
_uhttp://bdh-rd.bne.es/viewer.vm?id=0000042542&page=1 _zBiblioteca Digital Hispánica |
||
| 999 |
_c156324 _d156324 |
||